000 00867nam a22002771i 4500
005 20201014155032.0
008 201014s2019 ii |||e ||| 000 f tam d
020 _qpaperback
_cRM 67.20
040 _aPPAK
_beng
_cPPAK
_erda
082 0 4 _223
_a894.8113
090 0 0 _a894.8113
_bSRI
_dG
100 0 _6880-01
_aSrikala
_eauthor.
245 1 0 _6880-02
_aVemmai Thira Varaayoh !!! /
_cSrikala
264 1 _aChennai, India :
_bS.M.S. Publications ,
_c2019.
300 _a380 pages ;
_c18 cm.
336 _2rdacontent
_atext
337 _2rdamedia
_aunmediated
338 _2rdacarrier
_avolume
546 _aIn Tamil.
650 1 0 _aMan-woman relationships
_xFiction.
650 2 0 _aTamil fiction.
655 0 _aRomance fiction
880 0 _6100-01
_aஸ்ரீகலா
880 1 0 _6245-02
_aவெம்மை தீர வாராயோ !!!
942 _2ddc
_cB
999 _c179519
_d179519